An unquiet mind (Record no. 900)

000 -LEADER
fixed length control field 02443nam a22006497a 4500
001 - CONTROL NUMBER
control field 10895918
003 - CONTROL NUMBER IDENTIFIER
control field LIBRIS
005 - DATE AND TIME OF LATEST TRANSACTION
control field 20210426101843.0
008 - FIXED-LENGTH DATA ELEMENTS--GENERAL INFORMATION
fixed length control field 080602s1995 nyu 000 0aeng c
010 ## - LIBRARY OF CONGRESS CONTROL NUMBER
LC control number 96254006
Canceled/invalid LC control number 95014273
020 ## - INTERNATIONAL STANDARD BOOK NUMBER
International Standard Book Number 0679763309
020 ## - INTERNATIONAL STANDARD BOOK NUMBER
International Standard Book Number 0679443746
035 ## - SYSTEM CONTROL NUMBER
System control number (OCoLC)ocm36399953
035 ## - SYSTEM CONTROL NUMBER
System control number (OCoLC)36399953
Canceled/invalid control number (OCoLC)36222195
-- (OCoLC)36594651
-- (OCoLC)43763010
040 ## - CATALOGING SOURCE
Original cataloging agency BAN
Transcribing agency BAN
Modifying agency MNG
-- VET
-- OCL
-- LPL
-- OCL
-- BAKER
-- BTCTA
-- YDXCP
-- Lsob
Language of cataloging eng
041 ## - LANGUAGE CODE
Language code of text/sound track or separate title eng
043 ## - GEOGRAPHIC AREA CODE
Geographic area code n-us---
080 ## - UNIVERSAL DECIMAL CLASSIFICATION NUMBER
Universal Decimal Classification number 616.89
Item number J-22
082 04 - DEWEY DECIMAL CLASSIFICATION NUMBER
Classification number 616.89/5/0092
-- B
Edition number 21
082 14 - DEWEY DECIMAL CLASSIFICATION NUMBER
Classification number 920.9/61689/5
084 ## - OTHER CLASSIFICATION NUMBER
Classification number Vlaa
Number source kssb/8
100 1# - MAIN ENTRY--PERSONAL NAME
Personal name Jamison, Kay R.
Authority record control number or standard number 343541
245 13 - TITLE STATEMENT
Title An unquiet mind
Remainder of title : A Memoir of Moods and Madness
Statement of responsibility, etc. / by: Vintage Books
250 ## - EDITION STATEMENT
Edition statement 1st Vintage Books edition
260 ## - PUBLICATION, DISTRIBUTION, ETC.
Place of publication, distribution, etc. New York :
Name of publisher, distributor, etc. Vintage Books,
Date of publication, distribution, etc. 1995
300 ## - PHYSICAL DESCRIPTION
Extent 225 p. ;
Dimensions 22 cm.
365 ## - TRADE PRICE
Price amount 12 usd
600 10 - SUBJECT ADDED ENTRY--PERSONAL NAME
Personal name Jamison, Kay R.
General subdivision Mental health.
Authority record control number or standard number 343541
650 #0 - SUBJECT ADDED ENTRY--TOPICAL TERM
Topical term or geographic name entry element Manic-depressive persons
Geographic subdivision United States
Form subdivision Biography.
650 #0 - SUBJECT ADDED ENTRY--TOPICAL TERM
Topical term or geographic name entry element Psychiatry
9 (RLIN) 131
650 #0 - SUBJECT ADDED ENTRY--TOPICAL TERM
Topical term or geographic name entry element Women college teachers
Geographic subdivision United States
Form subdivision Biography.
650 #0 - SUBJECT ADDED ENTRY--TOPICAL TERM
Topical term or geographic name entry element Women psychiatrists
Geographic subdivision United States
Form subdivision Biography.
650 #2 - SUBJECT ADDED ENTRY--TOPICAL TERM
Topical term or geographic name entry element Bipolar Disorder
Form subdivision Autobiography
650 #2 - SUBJECT ADDED ENTRY--TOPICAL TERM
Topical term or geographic name entry element Psychiatry
Form subdivision Autobiography
650 #2 - SUBJECT ADDED ENTRY--TOPICAL TERM
Topical term or geographic name entry element Physicians, Women
Form subdivision Autobiography
650 #7 - SUBJECT ADDED ENTRY--TOPICAL TERM
Topical term or geographic name entry element Bipol�r sjukdom
Source of heading or term sao
Authority record control number or standard number 153366
650 #0 - SUBJECT ADDED ENTRY--TOPICAL TERM
Topical term or geographic name entry element Manic-depressive illness
653 ## - INDEX TERM--UNCONTROLLED
Uncontrolled term ფსიქიატრია
653 ## - INDEX TERM--UNCONTROLLED
Uncontrolled term მანიაკალური დეპრესია
653 ## - INDEX TERM--UNCONTROLLED
Uncontrolled term ქალი ფსიქიატრები
900 1s - EQUIVALENCE OR CROSS-REFERENCE-PERSONAL NAME [LOCAL, CANADA]
Linkage 100,600
Affiliation Jamison, Kay R.
942 ## - ADDED ENTRY ELEMENTS (KOHA)
Source of classification or shelving scheme
Koha item type Books
Edition 1
Holdings
Withdrawn status Lost status Source of classification or shelving scheme Damaged status Not for loan Permanent location Current location Date acquired Inventory number Total Checkouts Full call number Barcode Date last seen Price effective from Koha item type
          Ken Walker International University Ken Walker International University 01/20/2021 2408   616.89 J-22 2408 01/20/2021 01/20/2021 Books

Powered by Koha